• 首页
  • 本馆介绍
  • 公告通知
  • 最新文献
  • 馆藏检索
  • 电子资源
  • 读者导购
  • 参考咨询
  • 我的图书馆
  • 登录
  • 详细信息显示
  • 放入我的书架
  • 预约/预借图书
  • 作者相关作品
  • 分类相关作品
  • 丛书相关作品
  • 出版社相关作品

书目信息

  • 表格格式
  • 工作单格式
  • 卡片格式
题名:
计算机通信网的设计与分析
    
 
作者: 维洁 , Wijay , 阿费加 , Ahuja 著 ;刘作枢 , 张崇儒 译
分册:  
出版信息: 北京   中国铁道出版社  1987
页数: 287页
开本: 19cm
丛书名:
单 册:
中图分类: TN913.24 , TN919
科图分类:
主题词: 计算机通信网 , 数据通信 , 图象通信
电子资源:
ISBN:
000 00931nam0 2200337 45
001 0187007395
005 20040908165806.3
010    @dCNY1.75
091    @a15043.4235
100    @a19901117d1987 em y0chiy0121 ea
101 1  @achi@ceng
102    @aCN@b110000
105    @ay z 000yy
106    @ar
200 10 @a计算机通信网的设计与分析@Aji suan ji tong xin wang de she ji yu fen xi@f( )维洁,( )阿费加著@g刘作枢,张崇儒译
210    @a北京@c中国铁道出版社@d1987
215    @a287页@d19cm
606    @a计算机通信网
606 0  @a数据通信
606 0  @a图象通信
690    @aTN913.24@v3 
690    @aTN919@v3
701  1 @a维洁@Awei jie@4著
701 A1 @aWijay@4著
701  1 @a阿费加@Aa fei jia@4著
701 A1 @aAhuja@4著
702  0 @a刘作枢@Aliu zuo shu@4译
702  0 @a张崇儒@Azhang chong ru@4译
801  0 @aCN@b深圳图书馆@c20040514
801  2 @aCN@bNLC@c20040514
905    @dTN919@e17@f1@b210510
    
    计算机通信网的设计与分析/( )维洁,( )阿费加著/刘作枢,张崇儒译.-北京:中国铁道出版社,1987
    287页;19cm
    
    
    ISBN :CNY1.75
    
●
相关链接 在E读中查询图书 在五车中查询图书 在当当中查询图书 在豆瓣中查询图书


正题名:计算机通信网的设计与分析     索取号:TN919/17         预约/预借

序号 登录号 条形码 馆藏地/架位号 状态 备注
1 0210510   001949976   密集书库/ [索取号:TN919/17] 在馆    
2 0210511   001323446   第三借阅区/ [索取号:TN919/17] 在馆    
3 0210512   202103106   第二样本阅览室/ [索取号:TN919/17] 在馆    
唐山师范学院图书馆 欢迎您!
大连网信软件有限公司© 版权所有